000 00776pam a2200217 a 4500
001 2579017
005 20241130124743.0
008 960403s1997 nyua b 001 0 eng
020 _a9780195096187
050 0 0 _aQD251.2
_b.H58 1997
082 0 0 _a547
_220
100 1 _aHoffman, Robert V.
245 1 0 _aOrganic chemistry :
_ban intermediate text /
_cRobert V. Hoffman.
260 _aNew York :
_bOxford University Press,
_c1997.
300 _axii, 322 p. :
_bill. ;
_c25 cm.
440 0 _aTopics in organic chemistry
650 0 _aChemistry, Organic.
856 4 2 _3Publisher description
_uhttp://www.loc.gov/catdir/enhancements/fy0603/96017671-d.html
856 4 1 _3Table of contents only
_uhttp://www.loc.gov/catdir/enhancements/fy0603/96017671-t.html
942 _2lcc
_cBK
_n0
999 _c1848
_d1848